01075naa#a2200193#i#4500001001600000005001700016011001400033100004100047102000700088200039000095210005600485215001100541608004500552675010400597700005400701700006000755700005200815856001400867RU\\bibl\12553020260702113438.4##a2782-4586##a20260630b2026####ek#y0rusy0150####ca##aRU1#aМетасистемная архитектура капитальных потоков: UBS Group AG как парадигматический случай инфраструктурного суверенитета и адаптивной гибридизации в условиях глобальной регуляторной полифонииeЖурнальная статья1#aМоскваcУниверситет ИТБОd2026##a19 с.##aЖурнальная статья2local##aЭкономические науки в целом. Политическая экономия. 330#1aСоцковаgСветлана Ивановна#1aЧерницынаgРузиля Нябиулловна#1aКоролевgАндрей Андреевич4#ajomeam.ru